Pre-Medieval Mesopotamian Civilizations - Statistics

General Stats
  • This quiz has been taken 742 times
  • The average score is 7 of 13
Answer Stats
Civilization % Correct
Babylonian Empire
90%
Achaemenid Empire
84%
Assyrian Empire
82%
Sumer
73%
Roman Empire
64%
Macedonian Empire
55%
Akkadian Empire
53%
Parthia
41%
Sassanid Empire
34%
Seleucid Empire
34%
Neo-Babylonian Empire
31%
Neo-Assyrian Empire
28%
Sasanian Empire
28%
No matching quizzes found
Score Distribution
Percent of People with Each Score
Percentile by Number Answered
Your Score History
You have not taken this quiz